LEADER 00979nam0-22003371i-450 001 990005111350403321 005 20170926125230.0 010 $a3-534-08592-2 035 $a000511135 035 $aFED01000511135 035 $a(Aleph)000511135FED01 035 $a000511135 100 $a19990530g19889999km-y0itay50------ba 101 0 $ager 102 $aDE 105 $ay-------001yy 200 1 $aSexualität und Erotik in Der antike$fhrsg. von Andreas Karsten Siems 210 $aDarmstadt$cWissenschaftliche Buchgesellschaft$d1988 215 $aVI, 456 p.$d20 cm 225 1 $aWege der Forschung$v605 610 0 $aErotismo$aAntichità 676 $a301.41$v21$zita 676 $a306.70937$v21$zita 702 1$aSiems,$bAndreas Karsten 801 0$aIT$bUNINA$gRICA$2UNIMARC 901 $aBK 912 $a990005111350403321 952 $a300/3 0054$bBibl. 13079$fFLFBC 959 $aFLFBC 996 $aSexualität und Erotik in Der antike$91466642 997 $aUNINA LEADER 01276nam0 22002891i 450 001 UON00071734 005 20231205102353.471 010 $a21-304-4019-3 100 $a20020107d1991 |0itac50 ba 101 $afre 102 $aFR 105 $a|||| ||||| 200 1 $aˆLa ‰vie musulmane en Algerie d'apres la jurisprudence de la premiere moitie du XX siecle$fJean-Paul Charnay$gpreface de Jacques Berque 210 $aEdition augmentee de perspectives 1991: L'Algerie en devenir 215 $axiv,429 p.$d19 cm 410 1$1001UON00066274$12001 $aQuadrige/Presses Universitaires de France 606 $aGIURISPRUDENZA ISLAMICA$3UONC019732$2FI 620 $aFR$dParis$3UONL002984 676 $a342.00917671$cGIURISPRUDENZA ISLAMICA$v21 700 1$aCHARNAY$bJean-Paul$3UONV014738$053559 712 $aPresses Universitaires de France$3UONV245970$4650 801 $aIT$bSOL$c20251017$gRICA 899 $aSIBA - SISTEMA BIBLIOTECARIO DI ATENEO$2UONSI 912 $aUON00071734 950 $aSIBA - SISTEMA BIBLIOTECARIO DI ATENEO$dSI XV 003 $eSI AA 14887 5 003 996 $aVie musulmane en Algerie d'apres la jurisprudence de la premiere moitie du XX siecle$91160587 997 $aUNIOR